Defenders of God (Record no. 9368)

MARC details
000 -LEADER
fixed length control field 00649nam a2200241 a 4500
020 ## - INTERNATIONAL STANDARD BOOK NUMBER
ISBN 0065092
082 00 - DEWEY DECIMAL CLASSIFICATION NUMBER
Classification number 320.5509176
Author Cutter LAW
100 ## - MAIN ENTRY--AUTHOR NAME
Author name Lawrence, Bruce B
245 ## - TITLE STATEMENT
Title Defenders of God
Sub title Fundamentalist Revolt Against Modern Age
260 ## - PUBLICATION, DISTRIBUTION, ETC. (IMPRINT)
Place of publication New York
Name of publisher Harperone
Year of publication 1989
300 ## - PHYSICAL DESCRIPTION
Number of Pages 306p
500 ## - GENERAL NOTE
General note includes index and biblioraphy
505 2# - FORMATTED CONTENTS NOTE
Formatted contents note Bibliography, Index
650 ## - SUBJECT ADDED ENTRY--TOPICAL TERM
Topical Term Religious Fundamentalism
942 ## - ADDED ENTRY ELEMENTS (KOHA)
Koha item type Books
700 1# -
-- Lawrence, Bruce B
Holdings
Collection code Home library Current library Date acquired Cost, normal purchase price Full call number Accession Number Koha item type
  Henry Martyn Institute Library Henry Martyn Institute Library 07/31/2007 753.75 320.5509176 LAW 014614 Books
                   Copyright © 2026 | Henry Martyn Institute | Hyderabad | TS-500052 | INDIA | Implemented by hmi.edu.in
Hit-Count:

Powered by Koha